[Event "Leiden SB-ch"]
[Site "Leiden"]
[Date "2006.06.06"]
[Round "4"]
[White "Bey, Jan"]
[Black "Kluck, Hans"]
[Result "1-0"]
[WhiteElo "1937"]
[BlackElo "1742"]
[PlyCount "77"]
[EventDate "2006.05.16"]
[EventType "swiss"]
[EventRounds "7"]
[EventCountry "NED"]
[SourceTitle "EXT 2012"]
[Source "ChessBase"]
[SourceDate "2011.11.24"]
[SourceVersion "1"]
[SourceVersionDate "2011.11.24"]
[SourceQuality "1"]

1. e4 d5 2. exd5 Qxd5 3. Nc3 Qa5 4. Bc4 Nf6 5. d3 c6 6. Bd2 Qc7 7. Nge2 Bg4 8. f3 Bh5 9. h4 Nbd7 10. g4 Bxg4 11. fxg4 Nxg4 12. Bf4 Qb6 13. Rf1 e5 14. Bxf7+ Kd8 15. Bg5+ Be7 16. Qd2 Ndf6 17. 0-0-0 h6 18. Bxf6 Bxf6 19. Rxf6 Nxf6 20. Rg1 Ke7 21. Bb3 Nh5 22. Na4 Qc7 23. Qb4+ Qd6 24. Qg4 g6 25. Qe4 Raf8 26. Rxg6 Rf1+ 27. Kd2 Rf6 28. Rg2 Nf4 29. Rg7+ Kd8 30. Rxb7 Nxe2 31. Kxe2 Rhf8 32. Kd2 Rf4 33. Qe3 Rb4 34. Nc5 Rf3 35. Rxb4 Qf6 36. Ne6+ Kc8 37. Qxa7 Rf2+ 38. Kc3 e4+ 39. Rd4 1-0

[Event "Leiden SB-ch"]
[Site "Leiden"]
[Date "2006.05.30"]
[Round "3"]
[White "Kluck, Hans"]
[Black "Plug, Arjan JH"]
[Result "1/2-1/2"]
[WhiteElo "1742"]
[BlackElo "1801"]
[PlyCount "57"]
[EventDate "2006.05.16"]
[EventType "swiss"]
[EventRounds "7"]
[EventCountry "NED"]
[SourceTitle "EXT 2012"]
[Source "ChessBase"]
[SourceDate "2011.11.24"]
[SourceVersion "1"]
[SourceVersionDate "2011.11.24"]
[SourceQuality "1"]

1. Nf3 b5 2. c4 bxc4 3. e4 Bb7 4. Bxc4 e6 5. Nc3 Nc6 6. a3 Be7 7. d4 d6 8. Bb5 a6 9. Ba4 Kf8 10. d5 exd5 11. Nxd5 Nf6 12. Nxf6 Bxf6 13. Qd5 Qe8 14. 0-0 Nd8 15. Qb3 Bc6 16. Bxc6 Qxc6 17. Bg5 Ne6 18. Rac1 Qb5 19. Qxb5 axb5 20. Bxf6 gxf6 21. Rc6 Ra4 22. Re1 Ke7 23. Nh4 Kd7 24. Rc3 b4 25. Rf3 bxa3 26. bxa3 Ke7 27. Nf5+ Kd7 28. Ng3 Ke7 29. Nf5+ 1/2-1/2